[Event "Heusenstamm Sparkassen op-A 5th"]
[Site "Heusenstamm"]
[Date "2018.11.25"]
[Round "7"]
[White "Thomele, Michael"]
[Black "Diehm, Alexander"]
[Result "0-1"]
[WhiteElo "1855"]
[BlackElo "1995"]
[PlyCount "90"]
[EventDate "2018.11.22"]
[EventType "swiss"]
[EventRounds "7"]
[EventCountry "GER"]
[SourceTitle "CBM 188 Extra"]
[Source "ChessBase"]
[SourceDate "2019.02.26"]
[SourceVersion "1"]
[SourceVersionDate "2019.02.26"]
[SourceQuality "1"]

1. e4 c5 2. Nf3 d6 3. Nc3 g6 4. d4 cxd4 5. Nxd4 Bg7 6. Be3 Nf6 7. Be2 0-0 8. Qd2 Nbd7 9. Nb3 b6 10. 0-0 Bb7 11. f3 Rc8 12. Bh6 Bxh6 13. Qxh6 d5 14. exd5 Nxd5 15. Nxd5 Bxd5 16. c3 Qc7 17. Qe3 Nc5 18. Nxc5 bxc5 19. c4 Be6 20. b3 Qa5 21. Rfd1 Rfd8 22. a4 Qb6 23. Rxd8+ Rxd8 24. Qc3 Rd4 25. Rb1 Bf5 26. Rb2 Qf6 27. Qc1 a5 28. Ra2 Bd3 29. Qe3 Qd6 30. g3 e5 31. Kg2 f5 32. Rd2 Be4 33. Rxd4 cxd4 34. Qd2 Bc6 35. Qxa5 e4 36. c5 Qe7 37. Qb6 exf3+ 38. Bxf3 Qe2+ 39. Kh3 Bxf3 40. Qd8+ Kf7 41. Qd7+ Qe7 42. Qxd4 g5 43. Qc4+ Kf8 44. g4 fxg4+ 45. Kg3 Qe1# 0-1

[Event "Heusenstamm Sparkassen op-A 5th"]
[Site "Heusenstamm"]
[Date "2018.11.24"]
[Round "4"]
[White "Thomele, Michael"]
[Black "Kalepky, Helmut"]
[Result "1/2-1/2"]
[WhiteElo "1855"]
[BlackElo "1960"]
[PlyCount "59"]
[EventDate "2018.11.22"]
[EventType "swiss"]
[EventRounds "7"]
[EventCountry "GER"]
[SourceTitle "CBM 188 Extra"]
[Source "ChessBase"]
[SourceDate "2019.02.26"]
[SourceVersion "1"]
[SourceVersionDate "2019.02.26"]
[SourceQuality "1"]

1. e4 c5 2. Nf3 e6 3. d4 cxd4 4. Nxd4 Nf6 5. Bd3 a6 6. Nc3 Qc7 7. Qe2 Bc5 8. Nb3 d6 9. Bf4 Bb4 10. Bd2 Nc6 11. a3 Bxc3 12. Bxc3 e5 13. f3 Be6 14. Nd2 d5 15. b3 Rc8 16. Bb2 0-0 17. 0-0 d4 18. Rf2 Nd7 19. Raf1 f6 20. f4 Rfd8 21. Qh5 Bf7 22. Qh4 Nc5 23. Nf3 Nxd3 24. cxd3 exf4 25. Ne1 g5 26. Qh6 Bg6 27. g3 Ne5 28. gxf4 Ng4 29. Qh3 Nxf2 30. Rxf2 1/2-1/2

[Event "Wiesbaden op 30th"]
[Site "Wiesbaden"]
[Date "2018.08.24"]
[Round "3"]
[White "Thomele, Michael"]
[Black "Koch, Markus"]
[Result "0-1"]
[WhiteElo "1886"]
[BlackElo "2122"]
[PlyCount "104"]
[EventDate "2018.08.23"]
[EventType "swiss"]
[EventRounds "7"]
[EventCountry "GER"]
[SourceTitle "CBM 186 Extra"]
[Source "ChessBase"]
[SourceDate "2018.08.24"]
[SourceVersion "1"]
[SourceVersionDate "2018.08.24"]
[SourceQuality "1"]

1. e4 c5 2. Nf3 d6 3. Nc3 Nf6 4. d4 cxd4 5. Nxd4 a6 6. Be2 e5 7. Nb3 Be7 8. Be3 Be6 9. 0-0 0-0 10. f4 exf4 11. Bxf4 Nc6 12. Kh1 d5 13. exd5 Nxd5 14. Nxd5 Qxd5 15. Qe1 Qe4 16. Bd3 Qxe1 17. Raxe1 a5 18. a3 Rfd8 19. Nd2 Bf6 20. Rb1 Be5 21. Nc4 Bxf4 22. Rxf4 b5 23. Ne3 Rab8 24. Bf5 Rd2 25. Bxe6 fxe6 26. Re4 e5 27. c4 b4 28. axb4 Rxb4 29. Nd1 Kf7 30. Rc1 Ke6 31. Re3 Rxc4 32. Rb1 Rcc2 33. Rg3 Re2 34. h3 Re1+ 35. Kh2 Nd4 36. Rxg7 Rd2 37. Nc3 Rxb1 38. Nxb1 Rxb2 39. Nc3 h5 40. Kg1 Rc2 41. Ne4 Ne2+ 42. Kf1 Nf4 43. g4 hxg4 44. hxg4 Kd5 45. Nf6+ Kd4 46. g5 a4 47. Ra7 Rc4 48. Rd7+ Kc3 49. Re7 a3 50. Rxe5 a2 51. Ra5 Kb3 52. Kf2 Ra4 0-1

[Event "Frankfurt-chA"]
[Site "Frankfurt"]
[Date "2018.06.04"]
[Round "5"]
[White "Muehlbach, Christian"]
[Black "Thomele, Michael"]
[Result "1/2-1/2"]
[WhiteElo "1641"]
[BlackElo "1789"]
[PlyCount "63"]
[EventDate "2018.04.30"]
[EventType "swiss"]
[EventRounds "7"]
[EventCountry "GER"]
[SourceTitle "EXT 2019"]
[Source "ChessBase"]
[SourceDate "2018.10.10"]
[SourceVersion "1"]
[SourceVersionDate "2018.10.10"]
[SourceQuality "1"]

1. Nf3 d5 2. c4 e6 3. g3 Nf6 4. Bg2 c6 5. b3 Be7 6. Bb2 0-0 7. 0-0 Nbd7 8. d3 Re8 9. Nbd2 Bf8 10. Rc1 h6 11. Rc2 e5 12. cxd5 Nxd5 13. a3 N5f6 14. Qa1 e4 15. Nxe4 Nxe4 16. dxe4 Rxe4 17. Ne5 Rxe5 18. Bxe5 Nxe5 19. Qxe5 Bxa3 20. Qa1 Bf8 21. Rd1 Qb6 22. Qd4 Qxd4 23. Rxd4 Be6 24. b4 a6 25. Be4 Be7 26. Bd3 Bf6 27. Rf4 Rd8 28. h4 Kf8 29. Bc4 Bc8 30. Rc1 Ke7 31. Re4+ Kf8 32. Rf4 1/2-1/2

[Event "Heusenstamm Sparkassen op-A 4th"]
[Site "Heusenstamm"]
[Date "2017.11.25"]
[Round "5"]
[White "Poschadel, Andreas Gregor"]
[Black "Thomele, Michael"]
[Result "1/2-1/2"]
[WhiteElo "1477"]
[BlackElo "1901"]
[PlyCount "87"]
[EventDate "2017.11.23"]
[EventType "swiss"]
[EventRounds "7"]
[EventCountry "GER"]
[SourceTitle "EXT 2019"]
[Source "ChessBase"]
[SourceDate "2018.10.10"]
[SourceVersion "1"]
[SourceVersionDate "2018.10.10"]
[SourceQuality "1"]

1. e4 c5 2. Nf3 d6 3. Bb5+ Bd7 4. Bxd7+ Qxd7 5. 0-0 Nc6 6. a4 g6 7. Nc3 Bg7 8. b3 Nf6 9. Re1 0-0 10. Bb2 e5 11. d3 Nh5 12. Nh4 Rac8 13. Nd5 Ne7 14. Nxe7+ Qxe7 15. Nf5 Qd7 16. Nxg7 Nxg7 17. f4 f6 18. Rf1 Rcd8 19. Qe2 a6 20. Rf2 Qe7 21. Raf1 Rde8 22. f5 g5 23. h4 h6 24. hxg5 hxg5 25. Bc1 Qf7 26. g4 Rd8 27. Rh2 Qc7 28. Rf3 Kf7 29. Rfh3 Rg8 30. Rh7 Rdf8 31. R2h6 Ke8 32. Qh2 Rf7 33. Rg6 Kd7 34. Bd2 Kc6 35. a5 Rgf8 36. Qh6 Ne8 37. Rh8 Qe7 38. Rgg8 Rxg8 39. Rxg8 Kd7 40. Kg2 Rh7 41. Qg6 Qf7 42. Qxf7+ Rxf7 43. Rh8 Nc7 44. c4 1/2-1/2

[Event "Heusenstamm Sparkassen op-A 4th"]
[Site "Heusenstamm"]
[Date "2017.11.23"]
[Round "1"]
[White "Wolf, Ulrich Martin"]
[Black "Thomele, Michael"]
[Result "1-0"]
[WhiteElo "2189"]
[BlackElo "1901"]
[PlyCount "67"]
[EventDate "2017.11.23"]
[EventType "swiss"]
[EventRounds "7"]
[EventCountry "GER"]
[SourceTitle "EXT 2019"]
[Source "ChessBase"]
[SourceDate "2018.10.10"]
[SourceVersion "1"]
[SourceVersionDate "2018.10.10"]
[SourceQuality "1"]

1. d4 d5 2. Nf3 c6 3. g3 Nf6 4. Bg2 Bf5 5. 0-0 h6 6. c4 e6 7. Nc3 Be7 8. Qb3 Qb6 9. c5 Qxb3 10. axb3 Nbd7 11. b4 0-0 12. h3 a6 13. g4 Bc2 14. Bf4 g5 15. Bh2 Rfe8 16. Rfc1 Bh7 17. Nd2 Bf8 18. Nb3 e5 19. dxe5 Nxe5 20. Na5 Nfd7 21. Nxd5 cxd5 22. Bxd5 Nf6 23. Bxb7 Rad8 24. Bxe5 Rxe5 25. Nc6 Ree8 26. Nxd8 Rxd8 27. c6 Ne8 28. c7 Nxc7 29. Rxc7 Rd2 30. Rxa6 Bxb4 31. b3 Bg6 32. Bf3 Rb2 33. Kg2 Rxb3 34. Rxg6+ 1-0

[Event "Wiesbaden op 29th"]
[Site "Wiesbaden"]
[Date "2017.08.27"]
[Round "7"]
[White "Buehler, Severin"]
[Black "Thomele, Michael"]
[Result "1/2-1/2"]
[WhiteElo "1776"]
[BlackElo "1908"]
[PlyCount "84"]
[EventDate "2017.08.24"]
[EventType "swiss"]
[EventRounds "7"]
[EventCountry "GER"]
[SourceTitle "CBM 180 Extra"]
[Source "ChessBase"]
[SourceDate "2017.10.06"]
[SourceVersion "1"]
[SourceVersionDate "2017.10.06"]
[SourceQuality "1"]

1. e4 d5 2. exd5 Qxd5 3. Nc3 Qd6 4. d4 Nf6 5. Nf3 Bf5 6. Be2 e6 7. 0-0 a6 8. h3 Nc6 9. Be3 h6 10. Bd3 0-0-0 11. a3 g5 12. Bxf5 exf5 13. d5 Nxd5 14. Nxd5 Qxd5 15. Qxd5 Rxd5 16. Rad1 Rxd1 17. Rxd1 Bg7 18. c3 f4 19. Bd2 Rd8 20. Re1 Bf6 21. Re2 Na5 22. Kf1 Nc4 23. Bc1 h5 24. Nd2 Nxd2+ 25. Rxd2 Rxd2 26. Bxd2 Kd7 27. h4 Ke6 28. hxg5 Bxg5 29. f3 Kf5 30. Ke2 Be7 31. Kd3 Bd6 32. a4 Ke6 33. Ke4 f5+ 34. Kd3 b5 35. axb5 axb5 36. b3 Ke5 37. Bc1 Bc5 38. Bd2 Bf2 39. Ke2 Bg1 40. Kd3 Be3 41. Be1 Kd5 42. c4+ Kc5 1/2-1/2

[Event "Wiesbaden op 29th"]
[Site "Wiesbaden"]
[Date "2017.08.25"]
[Round "3"]
[White "Niedenthal, Robert"]
[Black "Thomele, Michael"]
[Result "0-1"]
[WhiteElo "1707"]
[BlackElo "1908"]
[PlyCount "82"]
[EventDate "2017.08.24"]
[EventType "swiss"]
[EventRounds "7"]
[EventCountry "GER"]
[SourceTitle "CBM 180 Extra"]
[Source "ChessBase"]
[SourceDate "2017.10.06"]
[SourceVersion "1"]
[SourceVersionDate "2017.10.06"]
[SourceQuality "1"]

1. c4 e5 2. Nc3 Nc6 3. Nf3 Nf6 4. e4 d6 5. d4 Bg4 6. dxe5 Nxe5 7. Qa4+ Bd7 8. Qd1 Nc6 9. Be2 Be7 10. 0-0 h6 11. a3 a5 12. Qc2 0-0 13. h3 Re8 14. Be3 Bf8 15. Rad1 Qc8 16. Kh2 g5 17. g4 Bg7 18. Nd4 Nxd4 19. Bxd4 Bc6 20. f3 Qd8 21. Nd5 Bxd5 22. cxd5 Nd7 23. Bxg7 Kxg7 24. Bb5 Re7 25. Rc1 Ne5 26. f4 gxf4 27. Rxf4 Rc8 28. Qf2 c6 29. dxc6 bxc6 30. Be2 Rcc7 31. Rf1 Qb8 32. b4 axb4 33. Qh4 Ng6 34. Qf6+ Kg8 35. Rf5 bxa3 36. Qxd6 Rb7 37. Qxb8+ Rxb8 38. Bc4 Rb2+ 39. Kh1 Ne5 40. Rc1 Nxc4 41. Rxc4 a2 0-1

[Event "Wiesbaden op 29th"]
[Site "Wiesbaden"]
[Date "2017.08.24"]
[Round "1"]
[White "Schneider, Luca"]
[Black "Thomele, Michael"]
[Result "0-1"]
[WhiteElo "1433"]
[BlackElo "1908"]
[PlyCount "86"]
[EventDate "2017.08.24"]
[EventType "swiss"]
[EventRounds "7"]
[EventCountry "GER"]
[SourceTitle "CBM 180 Extra"]
[Source "ChessBase"]
[SourceDate "2017.10.06"]
[SourceVersion "1"]
[SourceVersionDate "2017.10.06"]
[SourceQuality "1"]

1. Nf3 d5 2. e3 Nf6 3. b3 Bf5 4. Bb2 e6 5. Be2 Bd6 6. d3 h6 7. Nbd2 0-0 8. c4 Nc6 9. a3 a5 10. Qc2 Bh7 11. 0-0 Re8 12. Rfd1 Bf8 13. Rac1 Qe7 14. Ne5 Nxe5 15. Bxe5 c6 16. c5 Nd7 17. Bd6 Qf6 18. Bxf8 Nxf8 19. Bf3 Nd7 20. e4 Qf4 21. Qc3 Ne5 22. Re1 Rad8 23. Rcd1 Bg6 24. Be2 Ra8 25. d4 Nd7 26. g3 Qc7 27. e5 f6 28. exf6 Nxf6 29. Bd3 Bxd3 30. Qxd3 e5 31. f3 exd4 32. Qxd4 Re7 33. Rxe7 Qxe7 34. Kf2 Re8 35. Qd3 Qxc5+ 36. Kg2 Qxa3 37. Nf1 Qb2+ 38. Rd2 Qe5 39. Kf2 Nd7 40. Qc2 Kh8 41. g4 Qf4 42. Qg6 Rf8 43. Rd3 Ne5 0-1

[Event "Frankfurt-chA"]
[Site "Frankfurt"]
[Date "2016.06.13"]
[Round "7"]
[White "Gutacker, Stephan"]
[Black "Thomele, Michael"]
[Result "1/2-1/2"]
[WhiteElo "1777"]
[BlackElo "1885"]
[PlyCount "99"]
[EventDate "2016.04.25"]
[EventType "swiss"]
[EventRounds "9"]
[EventCountry "GER"]
[SourceTitle "EXT 2018"]
[Source "ChessBase"]
[SourceDate "2017.10.13"]
[SourceVersion "1"]
[SourceVersionDate "2017.10.13"]
[SourceQuality "1"]

1. e4 e5 2. Nf3 Nc6 3. d4 exd4 4. Nxd4 Bc5 5. Nb3 Bb6 6. Nc3 d6 7. Qe2 Nge7 8. Be3 Be6 9. 0-0-0 Qd7 10. h3 0-0-0 11. f4 f6 12. Nc5 Bxc5 13. Bxc5 Qe8 14. Be3 Qf7 15. b3 Kb8 16. f5 Bc8 17. Qf2 b6 18. Bc4 Qf8 19. Qe2 Ne5 20. Ba6 Bb7 21. a4 N7c6 22. Nd5 Qe8 23. Bb5 Qf7 24. Kb2 a5 25. Qf2 Nd7 26. Bc4 Qe8 27. c3 Nce5 28. Be2 Nc6 29. Bd3 Nce5 30. Be2 Nc5 31. Bxc5 dxc5 32. c4 Nc6 33. Bf3 Qe5+ 34. Nc3 Rd4 35. Rxd4 Nxd4 36. Rc1 Re8 37. Ka2 Qf4 38. Re1 Qe5 39. Nd5 Nxf5 40. Rd1 Nd4 41. Qh4 h6 42. Qg4 Bxd5 43. cxd5 Nc2 44. Qxg7 Qc3 45. d6 Nb4+ 46. Ka3 Nc2+ 47. Ka2 cxd6 48. Qd7 Nb4+ 49. Ka3 Nc2+ 50. Ka2 1/2-1/2

[Event "Frankfurt-chA"]
[Site "Frankfurt"]
[Date "2016.05.23"]
[Round "4"]
[White "Thomele, Michael"]
[Black "Zweschper, Erich"]
[Result "0-1"]
[WhiteElo "1885"]
[BlackElo "2036"]
[PlyCount "92"]
[EventDate "2016.04.25"]
[EventType "swiss"]
[EventRounds "9"]
[EventCountry "GER"]
[SourceTitle "EXT 2018"]
[Source "ChessBase"]
[SourceDate "2017.10.13"]
[SourceVersion "1"]
[SourceVersionDate "2017.10.13"]
[SourceQuality "1"]

1. e4 d6 2. d4 g6 3. Be3 Bg7 4. Nc3 e6 5. Qd2 a6 6. f3 Nd7 7. Nge2 c6 8. g3 b5 9. a3 Nb6 10. Nf4 Ne7 11. Rd1 Qc7 12. Qf2 Rb8 13. h4 h6 14. Be2 Nc4 15. Bc1 e5 16. Bxc4 bxc4 17. Nfe2 f5 18. dxe5 Bxe5 19. f4 Bg7 20. 0-0 fxe4 21. Nxe4 d5 22. N4c3 0-0 23. Kh2 Bg4 24. Rde1 Nf5 25. Qc5 Rb7 26. Qf2 Qd8 27. Qc5 Qc7 28. Qf2 Rbb8 29. Ng1 Qd6 30. Nf3 Bxf3 31. Qxf3 Rbe8 32. Nd1 Nd4 33. Qg2 Re6 34. Rxe6 Qxe6 35. Be3 Nf5 36. Bc5 Re8 37. c3 h5 38. Qd2 Qe4 39. Qg2 Qd3 40. Qf3 Re2+ 41. Kh3 Qd2 42. Rh1 Bf6 43. Bb6 Be7 44. Bf2 Nh6 45. Be3 Qd3 46. Rf1 Qf5+ 0-1

[Event "Frankfurt-chA"]
[Site "Frankfurt"]
[Date "2016.05.09"]
[Round "3"]
[White "Uwira, Oliver"]
[Black "Thomele, Michael"]
[Result "1-0"]
[WhiteElo "2236"]
[BlackElo "1885"]
[PlyCount "57"]
[EventDate "2016.04.25"]
[EventType "swiss"]
[EventRounds "9"]
[EventCountry "GER"]
[SourceTitle "EXT 2018"]
[Source "ChessBase"]
[SourceDate "2017.10.13"]
[SourceVersion "1"]
[SourceVersionDate "2017.10.13"]
[SourceQuality "1"]

1. d4 d5 2. c4 e6 3. Nc3 Nf6 4. Bg5 Be7 5. e3 Ne4 6. Bxe7 Qxe7 7. Rc1 Nxc3 8. Rxc3 c6 9. Nf3 Nd7 10. Bd3 0-0 11. 0-0 f5 12. Qb1 g5 13. cxd5 g4 14. Nd2 exd5 15. Bxf5 Nf6 16. Bd3 Nh5 17. Qe1 Qg7 18. Bc2 Be6 19. Nb3 Rae8 20. Nc5 Bc8 21. Nd3 Re6 22. Ne5 Rh6 23. f3 g3 24. h3 Bxh3 25. gxh3 Nf4 26. exf4 Rxh3 27. Ng4 h5 28. Qe6+ Rf7 29. Nh6+ 1-0

[Event "Heusenstamm Sparkassen op-A 2nd"]
[Site "Heusenstamm"]
[Date "2015.11.27"]
[Round "2"]
[White "Thomele, Michael"]
[Black "Wehr, Jan"]
[Result "1-0"]
[WhiteElo "1919"]
[BlackElo "1713"]
[PlyCount "63"]
[EventDate "2015.11.26"]
[EventType "swiss"]
[EventRounds "7"]
[EventCountry "GER"]
[SourceTitle "EXT 2018"]
[Source "ChessBase"]
[SourceDate "2017.10.13"]
[SourceVersion "1"]
[SourceVersionDate "2017.10.13"]
[SourceQuality "1"]

1. e4 Nf6 2. e5 Nd5 3. d4 d6 4. c4 Nb6 5. exd6 exd6 6. Be3 Be7 7. h3 Bf5 8. Nf3 Nc6 9. a3 a5 10. Nc3 h6 11. Bd3 Bxd3 12. Qxd3 0-0 13. 0-0 Bf6 14. Rac1 d5 15. cxd5 Nxd5 16. Ne4 Be7 17. Nc5 Qc8 18. Qc2 Nd8 19. Rfe1 Ne6 20. Ne4 a4 21. Qc4 c6 22. Nc3 Nb6 23. Qd3 Rd8 24. Qf5 Bf6 25. Ne4 Bxd4 26. Nxd4 Nxd4 27. Qc5 Nb3 28. Qxb6 Nxc1 29. Rxc1 Rd5 30. Nc3 Ra6 31. Nxd5 Rxb6 32. Ne7+ 1-0

[Event "Heusenstamm Sparkassen op-A 2nd"]
[Site "Heusenstamm"]
[Date "2015.11.26"]
[Round "1"]
[White "Weichhold, Pawel"]
[Black "Thomele, Michael"]
[Result "1-0"]
[WhiteElo "2413"]
[BlackElo "1919"]
[PlyCount "79"]
[EventDate "2015.11.26"]
[EventType "swiss"]
[EventRounds "7"]
[EventCountry "GER"]
[SourceTitle "CBM 169 Extra"]
[Source "ChessBase"]
[SourceDate "2015.12.18"]
[SourceVersion "1"]
[SourceVersionDate "2015.12.18"]
[SourceQuality "1"]

1. e4 c5 2. Nf3 d6 3. d4 cxd4 4. Nxd4 Nf6 5. Nc3 g6 6. g3 Bg7 7. Bg2 0-0 8. h3 Nc6 9. Nde2 Bd7 10. b3 Qc8 11. Bb2 Re8 12. Rb1 Rb8 13. Qd2 Nd8 14. h4 h5 15. 0-0 Ng4 16. Nd5 Bxb2 17. Rxb2 b5 18. c3 Kh7 19. Nd4 Ne6 20. f3 Ne5 21. f4 Ng4 22. f5 Nd8 23. Qg5 Ne5 24. Rbf2 Qc5 25. g4 f6 26. fxg6+ Nxg6 27. Qxh5+ Kg7 28. Nf5+ Bxf5 29. gxf5 Ne5 30. Qxe8 Ndc6 31. Qh5 Rh8 32. Qe2 Rxh4 33. b4 Qc4 34. Qxc4 Nxc4 35. Bh1 Kf7 36. Rf4 Rh7 37. Bf3 a6 38. Be2 N4e5 39. R1f2 Rh3 40. Rh2 1-0

[Event "Karl Mala Memorial op-A 17th"]
[Site "Frankfurt"]
[Date "2014.08.03"]
[Round "6"]
[White "Thomele, Michael"]
[Black "Bethke, Richard"]
[Result "1-0"]
[WhiteElo "1906"]
[BlackElo "1627"]
[PlyCount "77"]
[EventDate "2014.07.31"]
[EventType "swiss"]
[EventRounds "7"]
[EventCountry "GER"]
[SourceTitle "EXT 2015"]
[Source "ChessBase"]
[SourceDate "2014.11.20"]
[SourceVersion "1"]
[SourceVersionDate "2014.11.20"]
[SourceQuality "1"]

1. e4 e5 2. Nc3 Nc6 3. Bc4 Nf6 4. d3 Bc5 5. h3 d6 6. Nf3 0-0 7. Bg5 Be6 8. Bxe6 fxe6 9. Qd2 d5 10. 0-0 Bb4 11. exd5 exd5 12. a3 Be7 13. Rfe1 d4 14. Ne4 Nxe4 15. Rxe4 Bxg5 16. Nxg5 Rf5 17. Nf3 Qf6 18. Rf1 Rf8 19. Qe2 g5 20. b4 a6 21. a4 b5 22. axb5 axb5 23. Re1 Kh8 24. Rf1 h6 25. Ra1 Nxb4 26. Rxe5 Rxe5 27. Qxe5 Qxe5 28. Nxe5 Re8 29. Ng4 Nxc2 30. Ra7 Re7 31. Nxh6 Kh7 32. Nf5 Rd7 33. Rb7 b4 34. Kf1 Kg6 35. Ng3 Re7 36. Ne4 Rxe4 37. dxe4 d3 38. Rxc7 b3 39. Rb7 1-0

[Event "Karl Mala Memorial op-A 17th"]
[Site "Frankfurt"]
[Date "2014.08.03"]
[Round "7"]
[White "Zweschper, Erich"]
[Black "Thomele, Michael"]
[Result "1-0"]
[WhiteElo "2083"]
[BlackElo "1906"]
[PlyCount "103"]
[EventDate "2014.07.31"]
[EventType "swiss"]
[EventRounds "7"]
[EventCountry "GER"]
[SourceTitle "EXT 2015"]
[Source "ChessBase"]
[SourceDate "2014.11.20"]
[SourceVersion "1"]
[SourceVersionDate "2014.11.20"]
[SourceQuality "1"]

1. d4 d5 2. Nf3 c6 3. e3 Nf6 4. c4 e6 5. Nc3 Nbd7 6. Bd3 Bd6 7. e4 dxe4 8. Nxe4 Nxe4 9. Bxe4 h6 10. 0-0 Nf6 11. Bc2 0-0 12. Qe2 Re8 13. Bd2 b6 14. Rad1 Bb7 15. Ne5 Bf8 16. Rfe1 Rc8 17. Qf3 Qe7 18. Qh3 Nh7 19. Re4 f5 20. Ree1 Qf6 21. Bc3 Ng5 22. Qh5 Bd6 23. c5 Bxe5 24. Rxe5 Qf7 25. Qe2 Rc7 26. Bxf5 Rce7 27. Re1 Bc8 28. Bc2 Nh7 29. Bb4 Rb7 30. Bb3 Nf6 31. cxb6 Nd5 32. Bxd5 cxd5 33. bxa7 Rxa7 34. a3 Rd8 35. Rc1 Qf4 36. Qe3 Qg4 37. h3 Qg6 38. Qc3 Re8 39. Re3 Ra6 40. Qc7 Ra8 41. Rg3 Qf6 42. Re1 Kh7 43. Bd6 Rg8 44. Be5 Qf8 45. Ree3 Ba6 46. Ref3 Rc8 47. Qf7 Rc1+ 48. Kh2 Qxf7 49. Rxf7 h5 50. Bxg7 Rcc8 51. Be5+ Kh6 52. Bf4+ 1-0

[Event "Rhein Main op-A 17th"]
[Site "Bad Homburg"]
[Date "2014.06.19"]
[Round "2"]
[White "Roettinger, Eugen"]
[Black "Thomele, Michael"]
[Result "1-0"]
[WhiteElo "2148"]
[BlackElo "1901"]
[PlyCount "83"]
[EventDate "2014.06.18"]
[EventType "swiss"]
[EventRounds "7"]
[EventCountry "GER"]
[SourceTitle "CBM 161 Extra"]
[Source "ChessBase"]
[SourceDate "2014.08.29"]
[SourceVersion "1"]
[SourceVersionDate "2014.08.29"]
[SourceQuality "1"]

1. b3 e5 2. Bb2 Nc6 3. Nf3 d6 4. d4 e4 5. d5 exf3 6. dxc6 fxe2 7. Qxe2+ Qe7 8. Qxe7+ Nxe7 9. cxb7 Bxb7 10. Bb5+ Bc6 11. Na3 a6 12. Bxc6+ Nxc6 13. 0-0-0 0-0-0 14. g3 Rg8 15. Nc4 g6 16. Rhe1 Bg7 17. Ne3 Bxb2+ 18. Kxb2 f5 19. Nd5 Rgf8 20. f4 Rde8 21. Kc3 Rxe1 22. Rxe1 Kd7 23. b4 Rf7 24. Kc4 Nd8 25. a4 Nb7 26. a5 c6 27. Nb6+ Kc7 28. Re8 d5+ 29. Kd4 Nd6 30. Re6 Ne4 31. Ke5 Nc3 32. Re8 Na2 33. Ke6 Rg7 34. Kf6 Rd7 35. Nxd7 Kxd7 36. Re2 Nxb4 37. Kg7 c5 38. Kxh7 d4 39. Kxg6 c4 40. h4 Nxc2 41. Rxc2 c3 42. Kxf5 1-0

[Event "Rhein Main op-A 17th"]
[Site "Bad Homburg"]
[Date "2014.06.19"]
[Round "3"]
[White "Thomele, Michael"]
[Black "Oezdemir, Ali Oezden"]
[Result "0-1"]
[WhiteElo "1901"]
[BlackElo "1943"]
[PlyCount "76"]
[EventDate "2014.06.18"]
[EventType "swiss"]
[EventRounds "7"]
[EventCountry "GER"]
[SourceTitle "CBM 161 Extra"]
[Source "ChessBase"]
[SourceDate "2014.08.29"]
[SourceVersion "1"]
[SourceVersionDate "2014.08.29"]
[SourceQuality "1"]

1. e4 c5 2. Nf3 d6 3. d4 cxd4 4. Nxd4 Nf6 5. Nc3 g6 6. Be2 Bg7 7. Be3 0-0 8. Qd2 Nc6 9. f3 Bd7 10. g4 Rc8 11. h4 Ne5 12. Bh6 Bxh6 13. Qxh6 Qb6 14. 0-0-0 Rxc3 15. bxc3 Rc8 16. Kd2 Bxg4 17. fxg4 Nxe4+ 18. Ke1 Nxc3 19. Qd2 Qb2 20. Rh3 Nxd1 21. Bxd1 Qxa2 22. h5 Qd5 23. hxg6 fxg6 24. Qh6 Qf7 25. c3 d5 26. Re3 Rf8 27. Be2 Qf2+ 28. Kd1 Nf7 29. Qh3 Ng5 30. Qg3 Qxg3 31. Rxg3 e5 32. Nc2 Rc8 33. Nb4 Ne4 34. Re3 Nxc3+ 35. Ke1 e4 36. Kd2 d4 37. Rh3 a5 38. Nc2 Nxe2 0-1

[Event "Landesliga Nord 1314"]
[Site "Bayern"]
[Date "2014.01.19"]
[Round "5.8"]
[White "Thomele, Michael"]
[Black "Fiedler, Wolfgang"]
[Result "1/2-1/2"]
[WhiteElo "1908"]
[BlackElo "2012"]
[PlyCount "105"]
[EventDate "2013.10.13"]
[EventType "team"]
[EventRounds "9"]
[EventCountry "GER"]
[SourceTitle "EXT 2015"]
[Source "ChessBase"]
[SourceDate "2014.11.20"]
[SourceVersion "1"]
[SourceVersionDate "2014.11.20"]
[SourceQuality "1"]
[WhiteTeam "Obernau"]
[BlackTeam "Zirndorf"]
[WhiteTeamCountry "GER"]
[BlackTeamCountry "GER"]

1. e4 g6 2. d4 Bg7 3. c4 d6 4. Nc3 Nc6 5. Be3 e5 6. d5 Nce7 7. Bd3 f5 8. f3 Nf6 9. Qd2 fxe4 10. Nxe4 Nf5 11. Bf2 c5 12. Nxf6+ Qxf6 13. Bxf5 Bxf5 14. Ne2 e4 15. 0-0-0 exf3 16. gxf3 0-0-0 17. Nc3 Bh3 18. Rhg1 Qxf3 19. Kb1 Bxc3 20. bxc3 Qe4+ 21. Ka1 Qxc4 22. Bg3 Bf5 23. Rge1 Rd7 24. Re3 Be4 25. Qb2 Rf8 26. Qb3 Qxb3 27. axb3 Bc2 28. Rc1 Bxb3 29. c4 Ba4 30. Ra3 b5 31. Rb1 a6 32. cxb5 Bxb5 33. Rxb5 Rf1+ 34. Rb1 Rxb1+ 35. Kxb1 Kb7 36. Kc2 Kb6 37. Kc3 Rf7 38. Kc4 Rf1 39. Bxd6 Rc1+ 40. Rc3 Rxc3+ 41. Kxc3 Kb5 42. Be5 a5 43. d6 Kc6 44. Kb3 g5 45. Ka4 c4 46. Ka3 h5 47. h3 Kd7 48. Kb2 a4 49. Bh2 Ke6 50. Bg3 Kd7 51. Bh2 Ke6 52. Bg3 Kd7 53. Bh2 1/2-1/2

[Event "Landesliga Nord 1314"]
[Site "Bayern"]
[Date "2013.10.13"]
[Round "1.8"]
[White "Thomele, Michael"]
[Black "Vogiatzis, Dimitrios"]
[Result "1-0"]
[WhiteElo "1908"]
[BlackElo "2107"]
[PlyCount "99"]
[EventDate "2013.10.13"]
[EventType "team"]
[EventRounds "9"]
[EventCountry "GER"]
[SourceTitle "EXT 2015"]
[Source "ChessBase"]
[SourceDate "2014.11.20"]
[SourceVersion "1"]
[SourceVersionDate "2014.11.20"]
[SourceQuality "1"]
[WhiteTeam "Obernau"]
[BlackTeam "Nuernberg NT II"]
[WhiteTeamCountry "GER"]
[BlackTeamCountry "GER"]

1. e4 e5 2. Nc3 Nc6 3. Bc4 Nf6 4. d3 Bc5 5. Nf3 d6 6. h3 Be6 7. Bxe6 fxe6 8. Bg5 h6 9. Bh4 g5 10. Bg3 Qe7 11. Na4 Bb6 12. Nxb6 axb6 13. Nd2 Qf7 14. c3 0-0 15. h4 Kg7 16. hxg5 hxg5 17. a3 Rh8 18. Rg1 b5 19. Qb3 b4 20. Nf3 bxc3 21. bxc3 Na5 22. Qa2 Rh5 23. Rb1 Rah8 24. Ke2 b6 25. Qc2 g4 26. Nd2 Nb7 27. d4 Nd7 28. Nc4 Rf8 29. Rh1 exd4 30. cxd4 Rfh8 31. Rxh5 Rxh5 32. Ne3 Rg5 33. Qxc7 e5 34. d5 Nbc5 35. Rb4 Qg6 36. Bh4 Rh5 37. Bg3 Rg5 38. Qd8 Nf8 39. Qe7+ Kg8 40. Rxb6 Nxe4 41. Rb8 Qg7 42. Qd8 Rh5 43. Qc8 Rg5 44. a4 Nc5 45. a5 Ncd7 46. Rb7 e4 47. Bxd6 Qd4 48. Qc4 Qxc4+ 49. Nxc4 Rxd5 50. a6 1-0